| 000 | 00362 a2200121 4500 | ||
|---|---|---|---|
| 001 | ART_50746 | ||
| 005 | 20260410161955.0 | ||
| 008 | 260409a | ||
| 245 | 1 | 0 | _aArbitraje y derecho tributario |
| 100 | 1 | _aFernández, Fernanda M. | |
| 700 | 1 | _aZampa, Sebastián | |
| 773 | 0 |
_tTemas de derecho comercial _g- Año 6, N° 3 (mar. 2020) _wREV28151 |
|
| 999 |
_c30743 _d30743 |
||